Crystal Palace Managers - Statistics

General Stats
  • This quiz has been taken 9 times
  • The average score is 11 of 15
Answers on the Grid
Answers color-coded by a green-red scale on the quiz's grid according to % correct below.
Roy Hodgson
Frank Lampard
Trevor Francis
Sam Allardyce
Terry Venables
George Ramsay
Steve Coppell
Edmund Goodman
David Moyes
Steve Cooper
Mark Warburton
Iain Dowie
Roberto De Zerbi
Oliver Glasner
Graham Potter
Patrick Vieira
Alan Pardew
Steve Bruce
Neil Warnock
Alan Smith
Zinedine Zidane
Lee Carsley
Martin Allen
Ian Holoway
Malcom Allison
 
Answer Stats
Answer % Correct
Oliver Glasner
100%
Roy Hodgson
100%
Ian Holoway
89%
Neil Warnock
89%
Alan Pardew
78%
Malcom Allison
78%
Patrick Vieira
78%
Sam Allardyce
78%
Trevor Francis
78%
Iain Dowie
67%
Steve Coppell
67%
Terry Venables
56%
Alan Smith
44%
Edmund Goodman
44%
Steve Bruce
44%
No matching quizzes found
Score Distribution
Percent of People with Each Score
Percentile by Number Answered
Your Score History
You have not taken this quiz